O Natal visto pelas crianças (Record no. 45216)

MARC details
000 -Etiqueta do registo
Valores 00711nam a2200229 4500
100 ## - Dados gerais de processamento
Dados gerais 19990101d1965 dm y0pory50030103ba
101 0# - Língua de publicação
Língua por
102 ## - País de publicação
País PT
200 1# - Titulo e menção de responsabilidade
Título próprio O Natal visto pelas crianças
Primeira menção de responsabilidade palavras do Norberto Lopes e Calvet de Magalhães
210 #9 - Publicação
Local de publicação Lisboa
Nome do editor Portugália,
Data de publicação imp. 1965
215 ## - Descrição física 
Paginação / Volumes 73, [7] p., [16] f. il.
Outras indicações físicas il.
Dimensões 24 cm
317 ## - Nota de proveniência
Texto da nota Biblioteca Matilde Rosa Araújo
675 ## - CDU
Notação 371.38
Edição BN
Língua por
675 ## - CDU
Notação 821.134.3-93"19"
Edição BN
Língua por
675 ## - CDU
Notação 7.079
Edição BN
Língua por
675 ## - CDU
Notação 373.3(469.411)
Edição BN
Língua por
702 #1 - Autor secundário
Apelido Lopes,
Nome Norberto,
Datas 1900-1989
Função 450
702 #1 - Autor secundário
Apelido Magalhães,
Nome José Calvet de,
Datas 1915-2004
Função 450
801 #0 - Fonte de origem
País PT
Agência BN
Regras de catalogação RPC
990 ## - Elementos KOHA
Tipo de documento Livro
Holdings
Aquisição Empréstimo Código de barras Cota Permissão de empréstimo Tipo de documento
Biblioteca Municipal de Redondo Biblioteca Municipal de Redondo 055909 371.38 LOP Consulta presencial Livro

Powered by Koha